<?xml version="1.0" encoding="UTF-8"?>
<record
    xmlns:xsi="http://www.w3.org/2001/XMLSchema-instance"
    xsi:schemaLocation="http://www.loc.gov/MARC21/slim http://www.loc.gov/standards/marcxml/schema/MARC21slim.xsd"
    xmlns="http://www.loc.gov/MARC21/slim">

  <leader>01120nam2a22002531  4500</leader>
  <controlfield tag="001">rc\80166</controlfield>
  <controlfield tag="005">20250620194004.0</controlfield>
  <datafield tag="010" ind1=" " ind2=" ">
    <subfield code="a">5-86402-037-0</subfield>
  </datafield>
  <datafield tag="035" ind1=" " ind2=" ">
    <subfield code="a">(NLR Aleph) 005390751</subfield>
  </datafield>
  <datafield tag="090" ind1=" " ind2=" ">
    <subfield code="a">7184841</subfield>
    <subfield code="c">7184841</subfield>
  </datafield>
  <datafield tag="100" ind1=" " ind2=" ">
    <subfield code="a">20021216d1995    |||y0rusy50      ca</subfield>
  </datafield>
  <datafield tag="101" ind1="0" ind2=" ">
    <subfield code="a">rus</subfield>
  </datafield>
  <datafield tag="102" ind1=" " ind2=" ">
    <subfield code="a">RU</subfield>
  </datafield>
  <datafield tag="105" ind1=" " ind2=" ">
    <subfield code="a">a   |||||||||</subfield>
  </datafield>
  <datafield tag="200" ind1="1" ind2=" ">
    <subfield code="a">&#x41F;&#x43E;&#x441;&#x43B;&#x435;&#x434;&#x43D;&#x44F;&#x44F; &#x431;&#x438;&#x442;&#x432;&#x430; &#x434;&#x430;&#x43A;&#x43E;&#x442;&#x43E;&#x432;</subfield>
    <subfield code="f">&#x41F;&#x435;&#x440;. &#x41C;. &#x418;&#x43B;&#x44C;&#x44E;&#x448;&#x438;&#x43D;&#x43E;&#x439;</subfield>
  </datafield>
  <datafield tag="210" ind1=" " ind2=" ">
    <subfield code="d">1995</subfield>
    <subfield code="a">&#x411;. &#x43C;.</subfield>
  </datafield>
  <datafield tag="215" ind1=" " ind2=" ">
    <subfield code="a">362, [2] &#x441;.</subfield>
    <subfield code="c">&#x438;&#x43B;.</subfield>
  </datafield>
  <datafield tag="320" ind1=" " ind2=" ">
    <subfield code="a">&#x411;&#x438;&#x431;&#x43B;&#x438;&#x43E;&#x433;&#x440;.: &#x441;. 362-363</subfield>
  </datafield>
  <datafield tag="461" ind1=" " ind2="0">
    <subfield code="1">001rc\80163</subfield>
    <subfield code="1">2001#$a&#x417;&#x43E;&#x43B;&#x43E;&#x442;&#x43E; &#x447;&#x435;&#x440;&#x43D;&#x44B;&#x445; &#x433;&#x43E;&#x440;$e[&#x418;&#x43D;&#x434;&#x435;&#x439;&#x441;. &#x442;&#x440;&#x438;&#x43B;&#x43E;&#x433;&#x438;&#x44F;]$e&#x41F;&#x435;&#x440;. &#x441; &#x43F;&#x43E;&#x43B;.$f&#x41A;&#x440;&#x438;&#x441;&#x442;&#x438;&#x43D;&#x430; &#x438; &#x410;&#x43B;&#x44C;&#x444;&#x440;&#x435;&#x434; &#x428;&#x43A;&#x43B;&#x44F;&#x440;&#x441;&#x43A;&#x438;&#x435;$v[&#x422;. 3]</subfield>
    <subfield code="1">700#1$a&#x428;&#x43A;&#x43B;&#x44F;&#x440;&#x441;&#x43A;&#x430;&#x44F;$b&#x41A;.$g&#x41A;&#x440;&#x438;&#x441;&#x442;&#x438;&#x43D;&#x430;</subfield>
    <subfield code="9">7184817</subfield>
    <subfield code="a">&#x428;&#x43A;&#x43B;&#x44F;&#x440;&#x441;&#x43A;&#x430;&#x44F;, &#x41A;.</subfield>
    <subfield code="c">&#x412;&#x43E;&#x43B;&#x43E;&#x433;&#x434;&#x430;</subfield>
    <subfield code="d">1995</subfield>
    <subfield code="f">&#x41A;&#x440;&#x438;&#x441;&#x442;&#x438;&#x43D;&#x430; &#x438; &#x410;&#x43B;&#x44C;&#x444;&#x440;&#x435;&#x434; &#x428;&#x43A;&#x43B;&#x44F;&#x440;&#x441;&#x43A;&#x438;&#x435;</subfield>
    <subfield code="n">&#x41F;&#x424; "&#x41F;&#x43E;&#x43B;&#x438;&#x433;&#x440;&#x430;&#x444;&#x438;&#x441;&#x442;"</subfield>
    <subfield code="o">[&#x418;&#x43D;&#x434;&#x435;&#x439;&#x441;. &#x442;&#x440;&#x438;&#x43B;&#x43E;&#x433;&#x438;&#x44F;] : &#x41F;&#x435;&#x440;. &#x441; &#x43F;&#x43E;&#x43B;.</subfield>
    <subfield code="t">&#x417;&#x43E;&#x43B;&#x43E;&#x442;&#x43E; &#x447;&#x435;&#x440;&#x43D;&#x44B;&#x445; &#x433;&#x43E;&#x440;</subfield>
    <subfield code="v">[&#x422;. 3]</subfield>
  </datafield>
  <datafield tag="801" ind1=" " ind2="0">
    <subfield code="a">RU</subfield>
    <subfield code="b">NLR</subfield>
    <subfield code="g">psbo</subfield>
  </datafield>
  <datafield tag="801" ind1=" " ind2="1">
    <subfield code="a">RU</subfield>
    <subfield code="b">ELAR</subfield>
    <subfield code="2">rusmarc</subfield>
  </datafield>
  <datafield tag="852" ind1=" " ind2=" ">
    <subfield code="a">NLR</subfield>
    <subfield code="j">96-3/6161</subfield>
  </datafield>
  <datafield tag="942" ind1=" " ind2=" ">
    <subfield code="c">BOOK</subfield>
  </datafield>
  <datafield tag="980" ind1=" " ind2=" ">
    <subfield code="a">NB</subfield>
  </datafield>
  <datafield tag="995" ind1=" " ind2=" ">
    <subfield code="5">2013-10-26</subfield>
    <subfield code="b">NLR01</subfield>
    <subfield code="c">NLR01</subfield>
    <subfield code="e">RF8</subfield>
    <subfield code="f">5390751-10</subfield>
    <subfield code="k">96-3/6161</subfield>
    <subfield code="o">0</subfield>
    <subfield code="r">BOOK</subfield>
    <subfield code="s">9636161_</subfield>
  </datafield>
</record>
